| 000 | 00704nam a2200241Ia 4500 | ||
|---|---|---|---|
| 003 | GCL | ||
| 008 | 140319s9999 xx 000 0 eng d | ||
| 020 | _a1857150236 | ||
| 040 |
_aGCL / _cGCL |
||
| 082 | 0 | 4 |
_a853 _bA L |
| 100 | 1 | _aDI LAMPEDUSA, GIUSEPPE TOMASI | |
| 245 | 1 | 0 |
_aTHE LEOPARD / _cDI LAMPEDUSA, GIUSEPPE TOMASI |
| 700 | 1 | _aCOLQUHOUN, ARCHIBALD | |
| 700 | 1 | _aGLIMOUR, DAVID | |
| 260 |
_aانجلترا : _bEVERYMAN'S LIBRARY ، _c1998 |
||
| 300 |
_a21 CM ؛ _cXXXI, 203 P |
||
| 490 |
_aTHE MILLENNIUM LIBRARY _v23 |
||
| 650 | 0 | 4 | _aLITERATURE |
| 650 | 0 | 4 | _aITALIAN LITERATURE |
| 650 | 0 | 4 | _aITALIAN LITERATURE - TRANSLATION INTO ENGLISH |
| 650 | 0 | 4 | _aITALIAN FICTION |
| 942 |
_2ddc _cBK |
||
| 999 |
_c5661 _d5661 |
||